• 首页
  • 本馆介绍
  • 公告通知
  • 最新文献
  • 馆藏检索
  • 电子资源
  • 读者导购
  • 参考咨询
  • 我的图书馆
  • 登录
  • 详细信息显示
  • 放入我的书架
  • 预约/预借图书
  • 作者相关作品
  • 分类相关作品
  • 丛书相关作品
  • 出版社相关作品

书目信息

  • 表格格式
  • 工作单格式
  • 卡片格式
题名:
采访技巧
    
 
作者: Brady , 布雷迪 著 ;寿跃进 , 姜雨楠 译
分册:  
出版信息: 北京   中国新闻出版社  1985
页数: 310页
开本: 19cm
丛书名:
单 册:
中图分类: G212.1
科图分类:
主题词: 新闻采访
电子资源:
ISBN:
000 00872nam0 2200301 45
001 0185002956
005 20070723163419.04
010    @dCNY1.70
091    @aCN@b7363.008
100    @a19931014d1985 ek y0chiy0121 ea
101 1  @achi@ceng
102    @aCN@b110000
105    @ay z 000yy
200 10 @a采访技巧@Acai fang ji qiao@f(美)布雷迪(Brady,J.)著@g寿跃进,姜雨楠译
210    @a北京@c中国新闻出版社@d1985
215    @a310页@d19cm
300    @a书名原文:The craft of intervewing
300    @a根据美国作者文摘丛刊社1978年英文第三版译出
510 1  @aThe craft of intervewing
606    @a新闻采访
690    @aG212.1@v3
701 A1 @aBrady@bJ.@4著
701  1 @a布雷迪@Abu lei di@bJ.@4著
702  0 @a寿跃进@Ashou yue jin@4译
702  0 @a姜雨楠@Ajiang yu nan@4译
801  2 @aCN@bNLC@c20070723
801  0 @aCN@bTSSF
905    @a10447@dG212.1@e244
    
    采访技巧/(美)布雷迪(Brady,J.)著/寿跃进,姜雨楠译.-北京:中国新闻出版社,1985
    310页;19cm
    书名原文:The craft of intervewing.-根据美国作者文摘丛刊社1978年英文第三版译出
    
    ISBN :CNY1.70
    
●
相关链接 在E读中查询图书 在五车中查询图书 在当当中查询图书 在豆瓣中查询图书


正题名:采访技巧     索取号:G212.1/244         预约/预借

序号 登录号 条形码 馆藏地/架位号 状态 备注
1 0767212   207672124   第一样本阅览室/ [索取号:G212.1/244] 在馆    
唐山师范学院图书馆 欢迎您!
大连网信软件有限公司© 版权所有